| 000 | 01117nam a22003377a 4500 | ||
|---|---|---|---|
| 003 | CHAP | ||
| 005 | 20220329143314.0 | ||
| 008 | 080417d1992 es a r 00110 spa d | ||
| 010 | _a94721 | ||
| 011 | _a95693 | ||
| 020 | _a8429126775 | ||
| 035 | _a106322 | ||
| 040 | _cCHAP | ||
| 082 | 0 | 4 |
_a005.1 _bM5 |
| 100 | 1 |
_aMichavila, Francisco _975396 |
|
| 245 | 1 | 0 |
_aProgramación y cálculo numérico _c/por Francisco Michavila y Luis Gavete |
| 260 |
_aBarcelona : _bReverté, _c1992 |
||
| 300 |
_axv, 330 p. : _bgráfs. ; cuadros |
||
| 590 |
_aBATCH-UPD _b10 _c20130110 _lUCH01 _h0439 |
||
| 590 |
_aBATCH-UPD _b10 _c20130410 _lUCH01 _h0115 |
||
| 590 |
_aBATCH-UPD _b10 _c20130914 _lUCH01 _h0544 |
||
| 590 |
_aCONVERSION _b10 _c20130109 _lUCH01 _h1352 |
||
| 650 | 1 | 4 |
_aBASIC (Programación) _910695 |
| 650 | 1 | 4 |
_aCálculo numérico. _923997 |
| 650 | 1 | 4 |
_aCálculo _xEstudio y enseñanza. _923991 |
| 650 | 1 | 4 |
_aProgramación (Computadoras) _xIngeniería. _992369 |
| 700 | 1 |
_aGavete, Luis _947314 |
|
| 901 | _aBK | ||
| 942 | _cLIBRO | ||
| 949 |
_a005.1 M5 _bBC _cLIBRO _d33724002046941 _eLIBRO _gI.c/e. _h109452 _i106322 _si _t$501.00 |
||
| 999 |
_c94721 _d94721 |
||